000 00762nam a2200217Ia 4500
003 OSt
005 20250813114351.0
008 210719s1998 xx 000 0 und d
040 _cAL
041 _aTulu
082 _aT894.3 TIMG
100 _aTIMMAPPA PUJARI (Ja)
_dತಿಮ್ಮಪ್ಪ ಪೂಜಾರಿ (ಜಾ)
_9235316
245 _aGadeled adengdi kateklu: Katekle jonkuli
_b ಗಾದೆ ಲೆಡ್ ಅದೆಂಗ್ಡಿ ಕತೆಕ್ಲು: ಕತೆಕ್ಲೆ ಜೋಂಕುಲಿ
260 _aMangaluru
_bPratibha Prakashana
_c1998
300 _a49
_bPB
365 _b24
_cRs
650 _aTulu Fiction
_9235317
650 _aTulu Fiction
_9235317
906 _aadengdi ; Gadeled ; jonkuli ; kateklu ; Katele
942 _2ddc
_cBK
999 _c214936
_d214936